000 00671nam a2200253Ia 4500
003 OSt
005 20220918163232.0
006 a|||||r|||| 00| 0
007 ta
008 220917b |||||||| |||| 00| 0 eng d
020 _a0 422 74610 X
024 _a251,348
037 _cTextual
040 _aARTS
_cARTS
_beng
041 _2eng
_aeng
082 _aY738.73, L5;1
100 _aSutherland Anne
_912235
245 0 _aGypsies
_b The hidden Americans
260 _aLondon
_bTavistock Publications UK
_c1975
300 _a330p.
_ccm.
650 _aSOCIOLOGY
942 _hY738.73, L5;1
_cTEXL
_2CC
999 _c118671
_d118671